Przemiany państwowości w Europie - Statystyki

Ogólne statystyki
  • Ten quiz został rozwiązany 30 razy
  • Średni wynik to 22 z 24
Statystyki odpowiedzi
Stare Państwo/a Rok Odpowiedź % Poprawnych
Czechosłowacja 1993 Czechy
100%
RFN i NRD 1990 Niemcy
100%
Słowacja
100%
ZSRR 1991 Białoruś
96%
Estonia
96%
Litwa
96%
Łotwa
96%
Rosja
96%
Ukraina
96%
Armenia
93%
Kazachstan
93%
Chorwacja
89%
Mołdawia
89%
2006 Serbia
89%
Azerbejdżan
85%
Czarnogóra
85%
Gruzja
85%
Macedonia
85%
Jugosławia 1991 Słowenia
85%
Tadżykistan
85%
Turkmenistan
85%
1992 Bośnia i Hercegowina
81%
Kirgistan
81%
Uzbekistan
81%
Nie znaleziono quizów pasujących do podanych kryteriów
Rozkład punktacji
Procent ludzi z każdym wynikiem
Percentyl według liczby udzielonych odpowiedzi
Twoja historia wyników
Nie rozwiązałeś tego quizu